[Event "Europa ch s-16"]
[Site "Herceg Novi MNE"]
[Date "2008.09.24"]
[Round "9.23"]
[White "Schreiner, Peter"]
[Black "Klekowski, Maciej"]
[Result "0-1"]
[WhiteElo "2137"]
[BlackElo "2197"]
[PlyCount "90"]
[EventDate "2008.09.15"]
[EventType "swiss"]
[EventRounds "9"]
[Source "lmi"]
[SourceDate "2008.09.15"]

1. d4 c5 2. d5 e5 3. e4 d6 4. c4 g6 5. Nc3 Bg7 6. h4 h5 7. Be2 Nd7 8. Nf3 Ne7
9. Be3 a6 10. Qd2 Nf6 11. Nh2 Ng4 12. Nxg4 hxg4 13. O-O-O Bd7 14. f3 gxf3 15.
Bxf3 b5 16. Kb1 f6 17. h5 g5 18. Bxg5 fxg5 19. Qxg5 Bh6 20. Qf6 Rh7 21. Qxd6 b4
22. Ne2 Ba4 23. Qxe5 Bxd1 24. Rxd1 Qb6 25. d6 O-O-O 26. dxe7 Rxd1+ 27. Kc2 Rd2+
28. Kb3 Rd3+ 29. Kc2 Rxe7 30. Qxe7 b3+ 31. Kxd3 bxa2 32. Bg4+ Kb8 33. Qe8+ Kb7
34. e5 a1=Q 35. Bf3+ Kc7 36. Nc3 Qf1+ 37. Ke4 Qc6+ 38. Nd5+ Kb7 39. Qf7+ Kb8
40. Kf5 Qd3+ 41. Kg4 Qd4+ 42. Kf5 Qc8+ 43. Kg6 Qxe5 44. Kxh6 Qch8+ 45. Kg6 Qg3+
0-1

[Event "Europa ch s-16"]
[Site "Herceg Novi MNE"]
[Date "2008.09.24"]
[Round "9.24"]
[White "Ketzetzis, Georgios"]
[Black "Janiashvili, Irakli"]
[Result "0-1"]
[WhiteElo "2099"]
[BlackElo "2192"]
[PlyCount "84"]
[EventDate "2008.09.15"]
[EventType "swiss"]
[EventRounds "9"]
[Source "lmi"]
[SourceDate "2008.09.15"]

1. e4 c5 2. Nf3 e6 3. d4 cxd4 4. Nxd4 a6 5. c4 Nf6 6. Nc3 Bb4 7. Bd3 Qc7 8. O-O
Nc6 9. Re1 Ne5 10. Bf4 Bxc3 11. bxc3 d6 12. Bf1 O-O 13. Qb3 Ned7 14. Bg3 Nc5
15. Qc2 e5 16. Nb3 Nh5 17. Nxc5 dxc5 18. Red1 Nxg3 19. hxg3 Bd7 20. Qd2 Bc6 21.
Qe3 Qa5 22. Rd2 Rad8 23. Rad1 Rxd2 24. Rxd2 h6 25. g4 Re8 26. g3 Qa3 27. Bg2
Qc1+ 28. Kh2 Kh7 29. g5 hxg5 30. Qxg5 Qxc3 31. Rd8 Rxd8 32. Qh4+ Kg6 33. Qxd8
Qd4 34. Qh4 Qxf2 35. Qg4+ Kf6 36. Kh1 g6 37. Qd1 Qxg3 38. Qd6+ Kg7 39. Qxc5
Bxe4 40. Bxe4 Qe1+ 41. Kh2 Qxe4 42. a4 Qd4 0-1

[Event "Europa ch s-16"]
[Site "Herceg Novi MNE"]
[Date "2008.09.24"]
[Round "9.26"]
[White "Setkauskas, Vaidas"]
[Black "Nestorovic, Lazar"]
[Result "1/2-1/2"]
[WhiteElo "2064"]
[BlackElo "2269"]
[PlyCount "44"]
[EventDate "2008.09.15"]
[EventType "swiss"]
[EventRounds "9"]
[Source "lmi"]
[SourceDate "2008.09.15"]

1. e4 e5 2. Nf3 d6 3. d4 exd4 4. Nxd4 Nf6 5. Nc3 Be7 6. Bc4 O-O 7. O-O Re8 8.
h3 Bf8 9. Re1 c6 10. a4 Nbd7 11. Bg5 h6 12. Bh4 Ne5 13. Bb3 Ng6 14. Bg3 Bd7 15.
Qf3 Qb6 16. Rad1 Rad8 17. Kh2 Bc8 18. Nf5 Bxf5 19. Qxf5 Ne7 20. Qf3 Ng6 21. Qf5
Ne7 22. Qf3 Ng6 1/2-1/2

[Event "Europa ch s-16"]
[Site "Herceg Novi MNE"]
[Date "2008.09.24"]
[Round "9.31"]
[White "Pohjala, Henri"]
[Black "Kowalczyk, Pawel"]
[Result "0-1"]
[WhiteElo "2035"]
[BlackElo "2138"]
[PlyCount "96"]
[EventDate "2008.09.15"]
[EventType "swiss"]
[EventRounds "9"]
[Source "lmi"]
[SourceDate "2008.09.15"]

1. d4 e6 2. c4 f5 3. Nf3 Nf6 4. Nc3 Bb4 5. Bd2 b6 6. g3 Bb7 7. Bg2 O-O 8. O-O
Qe7 9. a3 Bxc3 10. Bxc3 d6 11. b3 Nbd7 12. Qc2 Rae8 13. Rad1 Be4 14. Qc1 h6 15.
Nh4 Kh7 16. Bxe4 Nxe4 17. f3 Nxc3 18. Qxc3 e5 19. d5 f4 20. Qc2+ e4 21. Rd4 Nc5
22. fxe4 fxg3 23. e5+ Kg8 24. Rxf8+ Rxf8 25. Ng6 Qg5 26. Nxf8 gxh2+ 27. Kxh2
Qxe5+ 28. Kg2 Qxd4 29. Qf5 Qe5 30. Qxe5 dxe5 31. Ng6 Nd7 32. Ne7+ Kf7 33. Nc6
a5 34. b4 axb4 35. axb4 Kf6 36. Nd8 Nf8 37. c5 bxc5 38. bxc5 e4 39. Nb7 Ke5 40.
d6 cxd6 41. Nxd6 Ne6 42. Ne8 Kd5 43. Nd6 Nxc5 44. Nf5 Ne6 45. Kf2 Ke5 46. Ne7
Nd4 47. Ng6+ Kf6 48. Nf4 Nf5 0-1

[Event "Europa ch s-16"]
[Site "Herceg Novi MNE"]
[Date "2008.09.24"]
[Round "9.32"]
[White "Karzinins, Genadijs"]
[Black "Meurs, Tom"]
[Result "0-1"]
[WhiteElo "1896"]
[BlackElo "2084"]
[PlyCount "82"]
[EventDate "2008.09.15"]
[EventType "swiss"]
[EventRounds "9"]
[Source "lmi"]
[SourceDate "2008.09.15"]

1. e4 e5 2. Bc4 Nf6 3. d4 exd4 4. Nf3 Nc6 5. O-O Nxe4 6. Re1 d5 7. Bxd5 Qxd5 8.
Nc3 Qh5 9. Nxe4 Be6 10. Neg5 O-O-O 11. Nxe6 fxe6 12. Rxe6 Bd6 13. Bd2 Rhf8 14.
h3 Qf5 15. Re1 h6 16. Rc1 Rde8 17. c4 Ne5 18. c5 Nxf3+ 19. Qxf3 Rxe1+ 20. Bxe1
Bxc5 21. Qxf5+ Rxf5 22. f3 Rd5 23. Bf2 Bd6 24. Rd1 c5 25. Kf1 d3 26. b3 b5 27.
Be3 Kb7 28. Rc1 g5 29. Kf2 Kc6 30. g3 Be5 31. f4 Bb2 32. Rb1 Ba3 33. fxg5 hxg5
34. g4 c4 35. bxc4 bxc4 36. Bd2 Re5 37. Kf3 Bc5 38. Rc1 Kd5 39. a4 Bd4 40. a5
a6 41. Kg3 Be3 0-1

[Event "Europa ch s-16"]
[Site "Herceg Novi MNE"]
[Date "2008.09.24"]
[Round "9.36"]
[White "Woods, Connor"]
[Black "Filippas, Sebastian"]
[Result "0-1"]
[WhiteElo "1934"]
[BlackElo "2240"]
[PlyCount "40"]
[EventDate "2008.09.15"]
[EventType "swiss"]
[EventRounds "9"]
[Source "lmi"]
[SourceDate "2008.09.15"]

1. e4 c5 2. Nf3 d6 3. d4 cxd4 4. Nxd4 Nf6 5. Nc3 a6 6. Qf3 g6 7. h3 Bg7 8. Be3
O-O 9. g4 Nc6 10. O-O-O Bd7 11. Qg3 Rc8 12. Bg2 Ne5 13. f4 Nc4 14. Bf2 Qc7 15.
Rhe1 e5 16. Nde2 b5 17. Qd3 b4 18. Nb1 exf4 19. Bd4 Bb5 20. Qb3 Na5 0-1

[Event "Europa ch s-16"]
[Site "Herceg Novi MNE"]
[Date "2008.09.24"]
[Round "9.38"]
[White "Petrisor, Adrian-Marian"]
[Black "Rauw, Gert Jan"]
[Result "1-0"]
[WhiteElo "2168"]
[BlackElo "2008"]
[PlyCount "43"]
[EventDate "2008.09.15"]
[EventType "swiss"]
[EventRounds "9"]
[Source "lmi"]
[SourceDate "2008.09.15"]

1. e4 c6 2. c4 d5 3. cxd5 cxd5 4. exd5 Nf6 5. Qa4+ Bd7 6. Qb3 Qc7 7. Nc3 g6 8.
Bc4 Qe5+ 9. Nge2 b6 10. d4 Qh5 11. O-O Bh6 12. Ng3 Qh4 13. Bxh6 Qxh6 14. d6 e6
15. d5 e5 16. Nb5 Bxb5 17. Bxb5+ Nbd7 18. Qa4 a6 19. Ne4 Nxe4 20. Bxd7+ Kd8 21.
Qc6 Rb8 22. Qc7# 1-0

[Event "Europa ch s-16"]
[Site "Herceg Novi MNE"]
[Date "2008.09.24"]
[Round "9.40"]
[White "Klein, David"]
[Black "Larmuseau, Michiel"]
[Result "1-0"]
[WhiteElo "2135"]
[BlackElo "1979"]
[PlyCount "91"]
[EventDate "2008.09.15"]
[EventType "swiss"]
[EventRounds "9"]
[Source "lmi"]
[SourceDate "2008.09.15"]

1. e4 e5 2. Nf3 Nc6 3. Bb5 a6 4. Ba4 Nf6 5. d3 d6 6. c3 b5 7. Bc2 Be7 8. O-O
Bg4 9. h3 Bh5 10. Nbd2 O-O 11. Re1 Re8 12. Nf1 Bxf3 13. Qxf3 d5 14. Ng3 g6 15.
exd5 Qxd5 16. Ne4 Qe6 17. Bb3 Qf5 18. Nxf6+ Qxf6 19. Qxf6 Bxf6 20. Bd5 Ne7 21.
Bxa8 Rxa8 22. Kf1 Rd8 23. Ke2 Nc6 24. Be3 Bg7 25. g4 Kf8 26. a4 Ke8 27. axb5
axb5 28. Ra6 Kd7 29. Rea1 Re8 30. Ra8 Re7 31. Rg8 f6 32. Raa8 Rf7 33. Bc5 f5
34. g5 Ne7 35. Bxe7 Rxe7 36. Rgb8 Kc6 37. Ra6+ Kd7 38. Rxb5 e4 39. d4 Re8 40.
Rd5+ Ke7 41. Rc5 Kd7 42. b4 Rb8 43. b5 Rb7 44. Ra8 Ke7 45. Rc8 Kd7 46. Rg8 1-0

[Event "Europa ch s-16"]
[Site "Herceg Novi MNE"]
[Date "2008.09.24"]
[Round "9.43"]
[White "Galopoulos, Nikolaos"]
[Black "Vasques, Antonio Pedro Freix"]
[Result "1-0"]
[WhiteElo "2270"]
[BlackElo "1897"]
[PlyCount "35"]
[EventDate "2008.09.15"]
[EventType "swiss"]
[EventRounds "9"]
[Source "lmi"]
[SourceDate "2008.09.15"]

1. d4 Nf6 2. c4 c5 3. d5 b5 4. cxb5 a6 5. f3 g6 6. e4 d6 7. a4 Bg7 8. Na3 O-O
9. Ne2 Nbd7 10. Nc3 Ne8 11. Bd3 Nc7 12. O-O Ne5 13. b6 Ne8 14. a5 Bd7 15. Be2
Qc8 16. f4 Ng4 17. Bxg4 Bxg4 18. b7 1-0

[Event "Europa ch s-16"]
[Site "Herceg Novi MNE"]
[Date "2008.09.24"]
[Round "9.51"]
[White "Zubaidullin, Rustam"]
[Black "Zecevic, Ivan"]
[Result "0-1"]
[WhiteElo "1929"]
[BlackElo "1853"]
[PlyCount "92"]
[EventDate "2008.09.15"]
[EventType "swiss"]
[EventRounds "9"]
[Source "lmi"]
[SourceDate "2008.09.15"]

1. c4 Nf6 2. Nc3 g6 3. e4 d6 4. g3 Bg7 5. Bg2 Nc6 6. Nge2 O-O 7. O-O e5 8. d3
Ne8 9. Be3 Nd4 10. Qd2 f5 11. f4 c6 12. fxe5 dxe5 13. Bg5 Bf6 14. Be3 Nd6 15.
Bh6 Rf7 16. Nxd4 exd4 17. Ne2 fxe4 18. Bxe4 Nxe4 19. dxe4 d3 20. Nf4 Qd4+ 21.
Rf2 Bg4 22. h3 Bf3 23. Kh2 Bxe4 24. Raf1 Re8 25. Re1 Be5 26. b3 Rf5 27. Ref1
Bd6 28. h4 a5 29. Kh3 Bb4 30. Qd1 Qe3 31. a3 Bd6 32. Bg5 Qd4 33. Bh6 b6 34. g4
Qe3+ 35. Rf3 Bxf3 36. Rxf3 Qe2 37. Nxe2 Rxf3+ 38. Kg2 dxe2 39. Qxd6 e1=Q 40.
Kxf3 Qe2+ 41. Kg3 Qe1+ 42. Kf3 Qc3+ 43. Kf2 Qc2+ 44. Kf3 Qxb3+ 45. Kf2 Qxc4 46.
Qf6 Qf7 0-1